Biblioteca

Yippee in my soul : (Registro nro. 67897)

Detalles MARC
000 -LÍDER
Campo fijo de descripción fija 01344nam a2200313 i 4500
001 - NÚMERO DE CONTROL
Campo de control 768714001
003 - IDENTIFICADOR DEL NÚMERO DE CONTROL
Campo de control CO-MdFUSB
005 - FECHA Y HORA DE LA ULTIMA TRANSACCIÓN
control field 20240618062723.0
007 - CAMPO FIJO DE DESCRIPCIÓN FIJA--INFORMACIÓN GENERAL
Campo fijo de descripción fija ta
008 - ELEMENTOS DE LONGITUD FIJA -- INFORMACIÓN GENERAL
Campo fijo de descripción fija -- Información general 220524t1992 -us |||| |||| 00| 0 eng d
020 ## - NÚMERO INTERNACIONAL NORMALIZADO PARA LIBROS
Información adicional [No incluye ISBN]
040 ## - FUENTE DE CATALOGACIÓN
Agencia de catalogación original CO-MdFUSB
Idioma de catalogación spa
Agencia que realiza la transcripción CO-MdFUSB
Agencia que realiza la modificación CO-MdFUSBC
Convenciones de la descripción rda
041 ## - CÓDIGO DE IDIOMA
Código de idioma para texto/pista de sonido o título separado eng
082 ## - NÚMERO DE CLASIFICACIÓN DECIMAL DEWEY
Número de la edición del Dewey 23
Número de clasificación 266.0097294
Clave de autor-Numero de item B717
100 ## - ASIENTO PRINCIPAL--NOMBRE PERSONAL
Nombre personal Bonnette, Margaret,
Término relacionador autor
245 ## - TÍTULO
Título del Material Yippee in my soul :
Parte restante del título - Subtitulo the story of a missionary nurse in the remote mountains of Haiti
Mención de responsabilidad, etc. / Margaret Bonnette ; Edward Erny
264 #0 - PRODUCCIÓN, PUBLICACIÓN, DISTRIBUCIÓN, MANUFACTURA, Y COPYRIGHT
Lugar de producción, publicación, distribución, manufactura Greenwood, IN :
Nombre del productor, publicador, distribuidor OMS International,
Fecha de producción, publicación, distribución, manufactura, o copyright [1992]
300 ## - DESCRIPCIÓN FÍSICA
Extensión 164 páginas
Dimensiones ; 20 cm
336 ## - TIPO DE CONTENIDO
Fuente rdacontent
Término de tipo de contenido texto
Código de tipo de contenido txt
337 ## - TIPO DE MEDIO
Fuente rdamedia
Nombre del tipo de medio sin mediación
Código del tipo de medio n
338 ## - TIPO DE SOPORTE
Fuente rdacarrier
Nombre del tipo de soporte volumen
Código Tipo de soporte nc
505 ## - NOTA DE CONTENIDO
Nota de contenido con formato preestablecido "¿Qué estoy haciendo aquí?" -- Viaje a Vaudreuil. -- Un niño de Oklahoma -- Detrás de las nubes. -- Comenzando de nuevo. -- "Conozca a esas personas de OMS" .. ¿Cómo me las arreglaré?" -- Todas las enfermedades imaginables -- "Señor, muéstrame" -- A Puerto Príncipe -- Un niño llamado Sansón -- Una arena de vida y muerte -- 6 de febrero! 6 de febrero! ¡Febrero! -- amigos y ángeles. <br/>
563 ## - NOTA DE ENCUADERNACIÓN
Nota de encuadernación Rústico
650 #0 - ASIENTO SECUNDARIO DE MATERIA - TERMINO TEMÁTICO
Término temático o nombre geográfico como elemento de entrada Misiones
9 (RLIN) 154
700 ## - ASIENTO SECUNDARIO - NOMBRE PERSONAL
9 (RLIN) 6552
Nombre personal Erny, Edward,
Responsabilidad autor
942 ## - TIPO DE MATERIAL (KOHA)
Tipo de Item KOHA Libros General
945 ## - INFORMACIÓN LOCAL DEL REGISTRO
Catalogador JTF-925
Existencias
Estado de Material Estado de Perdido Forma de Clasificación Estado de Dañado No para Préstamo Colección Biblioteca de Origen Biblioteca Permanente Fecha de Adquisición Área Total de Préstamos Signatura Topográfica Código de Barras Última vez visto Ejemplar/Existencia Fecha de Remplazo Tipo de Material
    Dewey Decimal Classification     Colección General Biblioteca FUSBC Biblioteca FUSBC 24/05/2022 BIBLIA   G 266.0097294 B717y 24745 24/05/2022 Ej. 1 24/05/2022 Libros General

Biblioteca FUSBC | Teléfono: (57+4) 349 88 10 Ext. 141| WhatsApp (+57) 3005338115 
E-mail: biblioteca@unisbc.edu.co | Calle 76 87-14 Robledo Palenque, Medellín, Colombia

Con tecnología Koha